000 00491cam a22001457a 4500
008 180718b1952 xxu||||| |||| 00| 0 eng d
082 _aI5516x73 In8c
100 _aSure, Ellen St.
245 _aTVA ammonia plant
_cby Ellen St. Sure
260 _aNew York
_bPolygraphic Company of America
_c1952
300 _a394-444p
440 _aOPAC case studies
500 _aInter-university case program: cases in public administration and policy formation
650 _aInter-university case program
999 _c500380
_d500380